000 00536ntaaa2200193 4500
003 01
005 20251027202842.0
008 0714s1973 ag 01
040 _aAR-BaBN
_bspa
_cAR-BaBN
_eaacr
_dRIC
082 _a269.0000 Au8
100 _aAutrey, C.E.
_910652
245 _aLa teología del evangelismo
250 _a1 ed.
260 _aEl Paso :
_bCasa Bautista de Publicaciones,
_c1967
300 _a125 p
500 _aLa biblioteca posee la obra en inglés.Ej. 2 (24319) falta, 1988
650 _aevangelismo
_9336
942 _cBK
999 _c23917
_d23917